000 00653nam a2200205 4500
003 OSt
005 20230830092613.0
008 708 R549v
040 _cLado V
082 _a731.2
_bG527n
100 _9986
_aGirón, Mónica
_eautor
245 _aNeocriollo/
260 _aArgentina
_bMuseo de Arte Latinoamericano de Buenos Aires
_c2007
300 _a18p.
_c15x21cm
650 _2Tesauro de Arte & Arquitectura
_aARTE
_9702
650 _2Tesauro de Arte & Arquitectura
_aEXHIBICION
_9702
651 _2Tesauro de Arte & Arquitectura
_aARGENTINA
654 _2Tesauro de Arte & Arquitectura
_aCERA
942 _2ddc
_c1
_h731.2
_iG527n
_n0
999 _c4231
_d4231